00601nam a2200205Ia 450000500170000000800410001702000180005804000180007604100080009408200220010210000200012424500770014425000120022126000430023330000250027665000350030165000180033665000200035470000210037420230201113152.0210716s2011 xx 000 0 und d a9788131515440 cAIMIT LIBRARY aeng a658.151 21bACKL aAckert, Lucy F. aUnderstanding behavioral finance /cBy Lucy F Ackert and Richard Deaves. a1st ed. aNew Delhi :bCengage Learning ,c2011. a348p. ;bPBc23.5 cm aBehavioral science foundations asocial forces aMarket outcomes aDeaves, Richard.